Revize monetárního modelu Marca Lavoieho endogenizací parametru gama
Lavoieho PKA model. Satterfieldova hysterezia a hlboká endogenia parametrov
Gespeichert in:
| 1. Verfasser: | |
|---|---|
| Weitere Verfasser: | |
| Format: | Buchkapitel |
| Sprache: | Tschechisch |
| Schlagworte: | |
| Tags: |
Keine Tags, Fügen Sie das erste Tag hinzu!
|
MARC
| LEADER | 00000naa a2200000 4500 | ||
|---|---|---|---|
| 001 | 0215590 | ||
| 005 | 20221019173954.7 | ||
| 041 | 0 | |a cze | |
| 044 | |a CZ | ||
| 245 | 1 | 0 | |a Revize monetárního modelu Marca Lavoieho endogenizací parametru gama |c Zdeněk Chytil, Lukáš Máslo |
| 520 | |a Lavoieho PKA model. Satterfieldova hysterezia a hlboká endogenia parametrov | ||
| 610 | 2 | 0 | |a politika menová |
| 610 | 2 | 0 | |a keynesizmus |
| 610 | 2 | 0 | |a modely ekonomicko-matematické |
| 100 | 1 | |a Chytil, Zdeněk | |
| 700 | 1 | |a Máslo, Lukáš | |